000 00301 a2200109 4500
020 _a9789354653544
100 _aManivannan,C.
_9181489
245 _aCommunity Health Nursing Record Book
250 _a1
260 _bJaypee Brothers Medical Publisher
_c2022
999 _c158815
_d158815
650 _aCOMMUNITY HEALTH NURSING
_9181705